LEADER 02919nam 2200613Ia 450 001 9910140603103321 005 20211005024827.0 010 $a1-282-54831-X 010 $a9786612548314 010 $a0-470-60372-0 010 $a1-118-26908-X 010 $a0-470-60398-4 035 $a(CKB)2670000000014441 035 $a(EBL)510173 035 $a(OCoLC)613206412 035 $a(SSID)ssj0000358172 035 $a(PQKBManifestationID)11278540 035 $a(PQKBTitleCode)TC0000358172 035 $a(PQKBWorkID)10377394 035 $a(PQKB)10251793 035 $a(MiAaPQ)EBC510173 035 $a(MiAaPQ)EBC4025449 035 $a(EXLCZ)992670000000014441 100 $a20100205d2010 uy 0 101 0 $aeng 135 $aur|n|---||||| 181 $ctxt 182 $cc 183 $acr 200 10$aComplying with Sarbanes-Oxley section 404$b[electronic resource] $ea guide for small publicly held companies /$fLynford Graham 205 $a4th ed. 210 $aHoboken, N.J. $cWiley$dc2010 215 $a1 online resource (371 p.) 225 1 $aWiley Corporate F&A ;$vv.2 300 $aIncludes index. 311 $a0-470-57255-8 327 $aComplying with Sarbanes-Oxley Section 404: A Guide for Small Publicly Held Companies; Contents; Preface; Acknowledgments; About the Author; Chapter 1: Introduction and Company Requirements; Chapter 2: The COSO Internal Control Framework; Chapter 3: Project Scoping; Chapter 4: Project Planning; Chapter 5: Documentation of Internal Controls; Chapter 6: Testing and Evaluating Entity-Level Controls; Chapter 7: Testing and Evaluating Activity-Level Controls; Chapter 8: Evaluating Control Deficiencies and Reporting on Internal Control Effectiveness; Key Resources; Index 330 $aA step-by-step approach for planning and performing an assessment of internal controls Filled with specific guidance for small-business compliance to SEC and PCAOB requirements relating to Sarbanes-Oxley 404, Complying with Sarbanes-Oxley Section 404: A Guide for Small Publicly Held Companies provides you with specific guidance on working with auditors to achieve benefits and cost reductions. This practical guide helps you knowledgeably interpret and conform to Sarbanes-Oxley 404 compliance and features: Clear, jargon-free coverage of the Sarbanes-Oxley Act and how 410 0$aWiley Corporate F&A 606 $aCorporations$xAuditing$xLaw and legislation$zUnited States 606 $aBusiness enterprises 608 $aElectronic books. 615 0$aCorporations$xAuditing$xLaw and legislation 615 0$aBusiness enterprises. 676 $a346.73/06648 676 $a657.95 700 $aGraham$b Lynford$0927571 801 0$bMiAaPQ 801 1$bMiAaPQ 801 2$bMiAaPQ 906 $aBOOK 912 $a9910140603103321 996 $aComplying with Sarbanes-Oxley section 404$92097979 997 $aUNINA LEADER 03696nam 2200697 450 001 996398645503316 005 20220425134238.0 010 $a3-8394-4251-6 024 7 $a10.14361/9783839442517 035 $a(CKB)4340000000264639 035 $a(MiAaPQ)EBC5346104 035 $a(DE-B1597)492818 035 $a(OCoLC)1031967482 035 $a(DE-B1597)9783839442517 035 $a(MiAaPQ)EBC6695134 035 $a(Au-PeEL)EBL6695134 035 $a(ScCtBLL)2f8d6142-e90e-431b-8957-a8683c985bda 035 $a(transcript Verlag)9783839442517 035 $a(EXLCZ)994340000000264639 100 $a20220425d2018 uy 0 101 0 $aeng 135 $aurcnu|||||||| 181 $ctxt$2rdacontent 182 $cc$2rdamedia 183 $acr$2rdacarrier 200 10$aMigration and (im)mobility $ebiographical experiences of Polish migrants in Germany and Canada /$fAnna Xymena Wieczorek 205 $a1st ed. 210 1$aBielefeld, Germany :$cTranscript,$d[2018] 210 4$dİ2018 215 $a1 online resource (320 pages) $cillustrations 225 0 $aKultur und soziale Praxis 311 $a3-8376-4251-8 320 $aIncludes bibliographical references. 327 $aFrontmatter 1 Contents 5 List of Tables, Figures, and Abbreviations 9 Acknowledgements 11 Introduction: How We Think of Migration and Mobility 13 1 From "Classical" and "New" Approaches in Migration Studies to the "Mobilities Perspective" on Migration 27 2 (Im)Mobile Individuals: Studying Their Biographies 67 Excursus on the Country of Origin: Poland 89 3 Immobility: The Immobile Pattern of Mobility 101 4 Transmobility: The Transnational Pattern of Mobility 145 5 Cosmobility: The Cosmopolitan Pattern of Mobility 219 6 Revisiting Migration through the Patterns of (Im)Mobility 261 Conclusion: How to Rethink Migration and Mobility 293 References 297 330 $aIn her endeavour to overcome the established methodological, conceptual, and empirical dualism of mobility and migration, Anna Xymena Wieczorek develops a "mobilities perspective" by combining migration studies theories with approaches of the mobility studies. With the help of rich empirical data gathered among young adults of Polish heritage in Germany and Canada, Wieczorek conceptualizes three patterns of (im)mobility which illustrate the diversity of immigrants' geographical movements after their initial migration. She thus reveals the different social configurations promoting or hindering the development, maintenance or shifting of each pattern in migrants' biographical trajectories. 410 0$aKultur und soziale Praxis. 606 $aForeign workers, Polish$xSocial conditions$zGermany 606 $aForeign workers, Polish$xSocial conditions$zCanada 606 $aPolish people$xSocial conditions$zGerrmany 610 $a(Im)Mobility. 610 $aCanada. 610 $aGermany. 610 $aGlobalization. 610 $aInterculturalism. 610 $aLifestyle. 610 $aPolish Migrants. 610 $aSocial Inequality. 610 $aSociology. 615 0$aForeign workers, Polish$xSocial conditions 615 0$aForeign workers, Polish$xSocial conditions 615 0$aPolish people$xSocial conditions 676 $a303.48243804309041 700 $aWieczorek$b Anna Xymena$f1985-$01222531 712 02$aKnowledge Unlatched - KU Select 2020: Backlist Collection$4fnd$4http://id.loc.gov/vocabulary/relators/fnd 801 0$bMiAaPQ 801 1$bMiAaPQ 801 2$bMiAaPQ 906 $aBOOK 912 $a996398645503316 996 $aMigration and (im)mobility$92835468 997 $aUNISA